000 00582nam a2200241 a 4500
001 nice12345678
003 IN_TiNIC
005 20260116011334.0
008 050524s1965 lona grp 000 0 eng
020 _a
_c0
082 0 0 _a962
_bMAR
100 _aMarlowe, John
245 _aAnglo-Egyptian Relations 1800-1956
260 _aLondon
_bFrank Cass and Co,
_c1965
300 _a468p
500 _aincludes index and biblioraphy
505 2 _aBibliography, Index
650 _aEgypt-History
700 1 _aMarlowe, John
902 _bSRS
942 _cBK
999 _c644
_d644